000 00553nam a2200193Ii 4500
003 JO-AjNU
008 230606s9999||||xx |||||||||||||| ||und||
040 _aJO-AjNU
_beng
_erda
_cJO-AjNU
041 _aeng
050 1 4 _aRA395.J6.H53.2013
100 3 _aHigh health council ,
_eauthor
_92988
245 0 0 _aJordan National Health Accounts
264 3 1 _aHigh health council
300 _a74p
336 _atext
_btxt
_2rdacontent
337 _aunmediated
_bn
_2rdamedia
338 _avolume
_bnc
_2rdacarrier
650 4 _aPublic health -- Jordan.
_92989
999 _aE1567
_c1567
_d1567